Základy technologie optické výroby. Část 2
| Hlavní autor: | Keprt, Engelbert, 1910-1974 |
|---|---|
| Jazyk: | Čeština |
| Vydáno: |
Praha, 1965 |
|
| LEADER | 00511nam a22001692a 4500 | ||
|---|---|---|---|
| 001 | 000273651 | ||
| 003 | CZ BrMZK | ||
| 005 | 19980105143423.0 | ||
| 007 | ta | ||
| 008 | 980105s1965 xr f cze d | ||
| 040 | |a BOA001 |b cze | ||
| 100 | 1 | |a Keprt, Engelbert, |d 1910-1974 |7 jk01060076 | |
| 245 | 1 | 0 | |a Základy technologie optické výroby. |n Část 2 |
| 260 | |a Praha, |c 1965 | ||
| 910 | |a BOA001 |b 4-0524.164,2 | ||
| 990 | |a BK | ||
| 996 | 7 | |b 2619838502 |c 4-0524.164,2 |l MZK |r Sklad / do 1 hodiny |n 9 |w 000273651 |u 000010 |a 1 |e BOA001 |j MZK50 |s A | |
English
Čeština 